Gracie Abrams - Paroles That's So True - Statistiques

Statistiques générales
  • Ce quiz a été pris 414 fois
  • Le résultat moyen est 252 sur 332
Statistiques - réponses
Hint Réponse % Correct
Couplet 1 I
98%
Refrain Mm,
98%
a
97%
huh)
97%
oh
97%
Refrain Ooh,
97%
ooh
97%
ooh,
97%
that
97%
uh
97%
(Uh
97%
ya
94%
you
94%
You
94%
so
93%
Think
92%
think
92%
it
91%
it,
91%
the
90%
your
90%
my
88%
that's
88%
That's
88%
go
86%
out
86%
But
85%
but
85%
life
84%
life,
84%
an
83%
she
83%
cool"
82%
do
82%
on
82%
true,
82%
to
81%
fine,
80%
alive,
79%
Bridge Made
79%
No,
79%
Said
79%
said
79%
was
79%
when
79%
and
78%
lost
78%
"She's
78%
she's
78%
from
77%
Did
76%
did
76%
me,
76%
me
76%
Pré-refrain You're
76%
you're
76%
I'm
75%
in
75%
know,
75%
know
75%
all
74%
all,
74%
her
74%
her,
74%
off?
74%
off
74%
Remember
74%
twice,
74%
Taking
73%
taking
73%
coffin
72%
died
72%
God
72%
now
72%
Now
72%
once
72%
Or
72%
time
72%
bet
71%
mind
71%
should
71%
like,
70%
like
70%
walking?
70%
just
69%
thinking,
69%
what
69%
about
68%
Don't
68%
feeling?
68%
how
68%
read
68%
started
68%
warn
68%
face
67%
idiot,
67%
not
67%
Not
67%
shirt,
67%
eyes
66%
sure
66%
too,
66%
been
65%
I've
65%
make
65%
there
65%
earrings
64%
hair
64%
vibe?
64%
positive,
63%
room
63%
fight,
62%
get
62%
up
62%
across
61%
blue
61%
could
61%
dumb
61%
back
59%
big
59%
boy
59%
catch
59%
cry
59%
fun
59%
night,
59%
sad,
59%
sad
59%
Wait,
59%
fuck
58%
missing
56%
down
55%
had
55%
hate
55%
Kicking
55%
hurt
54%
sorry
54%
spend
54%
yeah,
54%
business,
53%
couch,
53%
glass
52%
Looking
52%
making
52%
I'll
51%
outside,
51%
prize,
51%
prize
51%
ceiling
50%
dude
50%
put
50%
another
49%
Living
49%
got
48%
Well
48%
through
42%
into
38%
evolved
37%
Smiling
36%
house,
33%
Couplet 2 What'd
32%
you've
32%
Aucun quiz correspondant
Distribution des résultats
% des personnes avec chaque résultat
Percentile par nombre de réponses
Votre historique - résultats
Vous n’avez pas pris ce quiz